[Event "Hanoi op"]
[Site "Hanoi"]
[Date "2022.08.24"]
[Round "4"]
[White "Vo, Hoai Thuong"]
[Black "Dao, Minh Nhat"]
[Result "0-1"]
[WhiteElo "1993"]
[BlackElo "2269"]
[PlyCount "120"]
[EventDate "2022.08.20"]
[EventType "swiss"]
[EventRounds "9"]
[EventCountry "VIE"]
[SourceTitle "CBM 209 Extra"]
[Source "ChessBase"]
[SourceDate "2022.09.30"]
[SourceVersion "1"]
[SourceVersionDate "2022.09.30"]
[SourceQuality "1"]

1. d4 Nf6 2. c4 d5 3. e3 g6 4. Nc3 Bg7 5. Nf3 0-0 6. Qb3 e6 7. cxd5 exd5 8. Be2 b6 9. 0-0 Bb7 10. Rd1 Nbd7 11. Ne5 c6 12. f4 Ne8 13. e4 dxe4 14. Nxe4 Qe7 15. Bf3 Rd8 16. Be3 c5 17. dxc5 Bxe4 18. Bxe4 Nxc5 19. Qa3 Nc7 20. Bxc5 bxc5 21. Bc6 Bxe5 22. fxe5 Ne6 23. Bd5 Nf4 24. Qf3 Qxe5 25. Bc4 Rd4 26. b3 Re8 27. Rf1 Re7 28. Rac1 Kg7 29. Rc2 f5 30. Rcf2 Nh5 31. Qa8 Nf6 32. h3 Qd6 33. a4 Rd2 34. Rxd2 Qxd2 35. Qb8 Qd4+ 36. Kh2 Ne4 37. Qg8+ Kh6 38. Qf8+ Qg7 39. Qxg7+ Kxg7 40. Rc1 Rd7 41. Kg1 Rd2 42. Bb5 f4 43. Bc6 Ng3 44. Bb5 Rb2 45. Bc4 Kf6 46. Re1 Nf5 47. Re6+ Kg5 48. Bd5 Ne3 49. Bf3 Kh4 50. Kh2 Nf1+ 51. Kg1 Ng3 52. Bd1 Rd2 53. Re1 Nf5 54. Kf1 g5 55. Bf3 Rb2 56. Rd1 Nd4 57. Bg4 h5 58. Bc8 g4 59. hxg4 hxg4 60. Bb7 Kg3 0-1

[Event "Hanoi 07"]
[Site "Hanoi"]
[Date "2022.07.27"]
[Round "3"]
[White "Luong, Phuong Hanh"]
[Black "Dao, Minh Nhat"]
[Result "0-1"]
[WhiteElo "2113"]
[BlackElo "2269"]
[PlyCount "120"]
[EventDate "2022.07.26"]
[EventType "tourn"]
[EventRounds "9"]
[EventCountry "VIE"]
[SourceTitle "EXT 2023"]
[Source "ChessBase"]
[SourceDate "2022.10.05"]
[SourceVersion "1"]
[SourceVersionDate "2022.10.05"]
[SourceQuality "1"]

1. d4 Nf6 2. Nf3 d5 3. Bf4 c5 4. e3 Nc6 5. c3 Qb6 6. Qc2 Bg4 7. dxc5 Qxc5 8. Be2 e6 9. 0-0 Be7 10. h3 Bh5 11. Nbd2 0-0 12. Nb3 Qb6 13. Ne5 Bg6 14. Nxg6 hxg6 15. Nd4 Na5 16. Bg5 Rac8 17. Nb3 Nc4 18. Bxc4 Rxc4 19. Nd2 Rc7 20. Qb3 Qa6 21. Nf3 Ne4 22. Bxe7 Rxe7 23. Rad1 Rc8 24. Rd4 b6 25. a3 Rec7 26. Qd1 Qb5 27. Rb4 Qc5 28. Nd2 Nf6 29. Qe2 e5 30. e4 Rd8 31. exd5 Nxd5 32. Nb3 Qc6 33. Rg4 Qe6 34. Re1 f6 35. c4 Ne7 36. Re4 g5 37. h4 gxh4 38. Rxh4 Ng6 39. Rg4 Qf5 40. c5 Rd3 41. Re4 Nf4 42. Qc2 Qd7 43. Qc4+ Kh8 44. g3 b5 45. Qc2 Ne6 46. R4e3 Rd5 47. Qg6 Kg8 48. Rc3 Rd1 49. Rxd1 Qxd1+ 50. Kh2 Nf8 51. Qf5 g6 52. Qh3 Rh7 53. Qxh7+ Kxh7 54. c6 Ne6 55. c7 Nxc7 56. Rxc7+ Kh6 57. Rc3 Qe2 58. Kg2 Qxb2 59. Re3 Qxa3 60. Nd2 Qb4 0-1

[Event "VIE-ch U17"]
[Site "Hanoi"]
[Date "2020.??.??"]
[Round "7"]
[White "Huynh, Quoc An"]
[Black "Dao, Minh Nhat"]
[Result "0-1"]
[WhiteElo "2303"]
[BlackElo "2221"]
[PlyCount "66"]
[EventDate "2020.10.22"]
[EventType "tourn"]
[EventRounds "9"]
[EventCountry "VIE"]
[SourceTitle "EXT 2022"]
[Source "ChessBase"]
[SourceDate "2021.10.06"]
[SourceVersion "1"]
[SourceVersionDate "2021.10.06"]
[SourceQuality "1"]

1. e4 c5 2. Nf3 Nf6 3. Nc3 d6 4. d4 cxd4 5. Nxd4 g6 6. Be3 Bg7 7. Be2 0-0 8. 0-0 Nc6 9. Qd2 Ng4 10. Bxg4 Bxg4 11. f3 Bd7 12. Rad1 Qa5 13. a3 Rfc8 14. Nd5 Qxd2 15. Rxd2 Kf8 16. c3 Na5 17. Bg5 f6 18. Bh4 Kf7 19. Ne3 Bh6 20. Bf2 Ba4 21. Re1 b6 22. g3 Bxe3 23. Bxe3 Nc4 24. b3 Nxd2 25. Bxd2 Bd7 26. Nc2 Be6 27. Nd4 Bd7 28. Nc2 Rc7 29. Kf2 Rac8 30. Nb4 Be6 31. Rb1 Rxc3 32. Bxc3 Rxc3 33. Rb2 Bxb3 0-1

[Event "ASEAN-ch 4th"]
[Site "Bac Giang"]
[Date "2019.11.01"]
[Round "9"]
[White "Dao, Minh Nhat"]
[Black "Nguyen, Hoang Nam2222"]
[Result "1-0"]
[WhiteElo "2150"]
[BlackElo "2162"]
[PlyCount "79"]
[EventDate "2019.10.25"]
[EventType "swiss"]
[EventRounds "9"]
[EventCountry "VIE"]
[SourceTitle "CBM 192 Extra"]
[Source "Chessbase"]
[SourceDate "2019.11.06"]
[SourceVersion "1"]
[SourceVersionDate "2019.11.06"]
[SourceQuality "1"]

1. d4 g6 2. Nf3 Bg7 3. Bf4 d6 4. e3 f5 5. Be2 Nf6 6. h3 0-0 7. 0-0 e6 8. c4 Qe7 9. Nc3 h6 10. Bh2 Nbd7 11. Nb5 Ne8 12. c5 Ndf6 13. cxd6 cxd6 14. Qb3 Ne4 15. Qa3 Rf7 16. Rfc1 a6 17. Bd3 Rb8 18. Bxe4 axb5 19. Qa7 fxe4 20. Qxb8 Bd7 21. Nd2 Bc6 22. a4 bxa4 23. Nc4 Bf8 24. Na5 Bd5 25. Rc8 Kh7 26. Rac1 h5 27. Rd8 Qf6 28. Rc2 Bh6 29. Bxd6 Nxd6 30. Qxd6 Bb3 31. Rd2 Bf8 32. Rxf8 Rxf8 33. Nxb7 Ra8 34. Nc5 a3 35. bxa3 Rxa3 36. Nxe6 Ra8 37. Qc7+ Kg8 38. Nf4 Bd5 39. Rb2 Re8 40. Rb6 1-0

[Event "ASEAN-ch 4th"]
[Site "Bac Giang"]
[Date "2019.10.26"]
[Round "2"]
[White "Dao, Minh Nhat"]
[Black "Bersamina, Paulo"]
[Result "0-1"]
[WhiteElo "2150"]
[BlackElo "2457"]
[PlyCount "62"]
[EventDate "2019.10.25"]
[EventType "swiss"]
[EventRounds "9"]
[EventCountry "VIE"]
[SourceTitle "CBM 192 Extra"]
[Source "Chessbase"]
[SourceDate "2019.11.06"]
[SourceVersion "1"]
[SourceVersionDate "2019.11.06"]
[SourceQuality "1"]

1. Nf3 Nf6 2. d4 g6 3. Bf4 Bg7 4. e3 d6 5. h3 0-0 6. Be2 Nc6 7. 0-0 e5 8. Bh2 Ne4 9. c3 f5 10. Bb5 Qe7 11. Na3 Nd8 12. Bd3 Nf7 13. dxe5 dxe5 14. Bxe4 fxe4 15. Nd2 Ng5 16. Nxe4 Nxe4 17. Qd5+ Qf7 18. Qxe4 Bf5 19. Qf3 Bd3 20. Qxf7+ Rxf7 21. Rfd1 e4 22. Rd2 a5 23. f3 Bh6 24. Kf2 b5 25. c4 b4 26. Nb5 c5 27. Rad1 Raf8 28. Bd6 Bxe3+ 29. Kg3 Ra8 30. fxe4 Bxc4 31. Rd3 Bf2+ 0-1

[Event "VIE-ch"]
[Site "Ho Chi Minh City"]
[Date "2019.05.06"]
[Round "5"]
[White "Cao, Sang"]
[Black "Dao, Minh Nhat"]
[Result "1-0"]
[WhiteElo "2411"]
[BlackElo "2121"]
[PlyCount "97"]
[EventDate "2019.05.02"]
[EventType "swiss"]
[EventRounds "9"]
[EventCountry "VIE"]
[SourceTitle "CBM 190 Extra"]
[Source "ChessBase"]
[SourceDate "2019.07.15"]
[SourceVersion "1"]
[SourceVersionDate "2019.07.15"]
[SourceQuality "1"]

1. d4 Nf6 2. Bg5 e6 3. e4 d5 4. e5 h6 5. Be3 Nfd7 6. c3 c5 7. f4 Nc6 8. Nf3 cxd4 9. cxd4 Bb4+ 10. Kf2 0-0 11. Bd3 f6 12. Rf1 Qb6 13. Nc3 fxe5 14. Na4 Qa5 15. fxe5 b5 16. a3 Be7 17. Bb1 bxa4 18. Qc2 Rxf3+ 19. Kxf3 Nf8 20. Qxc6 Rb8 21. Qc3 Qb6 22. Rc1 Ba6 23. Bc2 Qxb2 24. Qxb2 Rxb2 25. h3 Bc4 26. Bd2 Bg5 27. Bxg5 hxg5 28. Rab1 Ra2 29. Ra1 Rb2 30. Bxa4 Bd3 31. Rc8 Be4+ 32. Ke3 Rxg2 33. Rf1 Bf5 34. Rxf5 exf5 35. e6 f4+ 36. Kf3 Rg3+ 37. Kf2 Re3 38. Bc6 Kh7 39. Rxf8 Rxe6 40. Bxd5 Re3 41. Rb8 Rxa3 42. Be4+ g6 43. Rb7+ Kh6 44. d5 Ra2+ 45. Ke1 a5 46. d6 Ra4 47. Bf3 Rd4 48. d7 a4 49. Bg4 1-0

[Event "VIE-ch"]
[Site "Ho Chi Minh City"]
[Date "2019.05.05"]
[Round "4"]
[White "Dao, Minh Nhat"]
[Black "Vo, Thanh Ninh"]
[Result "1-0"]
[WhiteElo "2121"]
[BlackElo "2371"]
[PlyCount "132"]
[EventDate "2019.05.02"]
[EventType "swiss"]
[EventRounds "9"]
[EventCountry "VIE"]
[SourceTitle "CBM 190 Extra"]
[Source "ChessBase"]
[SourceDate "2019.07.15"]
[SourceVersion "1"]
[SourceVersionDate "2019.07.15"]
[SourceQuality "1"]

1. d4 Nf6 2. Nf3 g6 3. Bf4 Bg7 4. e3 d6 5. h3 0-0 6. Be2 Nc6 7. Bh2 e6 8. 0-0 Qe7 9. c4 e5 10. Nc3 exd4 11. exd4 Qd8 12. Qb3 Re8 13. Bd3 Nd7 14. c5 Bxd4 15. Nxd4 Nxd4 16. Qa4 dxc5 17. Nd5 Ne6 18. Rae1 c6 19. Nc7 Nb6 20. Qa3 Nxc7 21. Bxc7 Qd7 22. Rxe8+ Qxe8 23. Bxb6 Bxh3 24. Bxc5 Be6 25. Qc3 Qd7 26. Bc4 Bxc4 27. Qxc4 b6 28. Bd4 Re8 29. Bc3 Re6 30. Qa4 Rd6 31. Re1 f6 32. Qb3+ Kg7 33. a4 c5 34. Qc2 Kf7 35. Qe2 Rd5 36. Qf3 Qd6 37. Qe4 Rd1 38. Rxd1 Qxd1+ 39. Kh2 Qd7 40. g3 h5 41. Qf4 Qc6 42. Qb8 a5 43. Qa7+ Ke6 44. Qg7 Kf5 45. Qf7 Kg5 46. Qe7 Kf5 47. f3 g5 48. Qh7+ Ke6 49. Qg8+ Kf5 50. Qd8 Kg6 51. Qg8+ Kf5 52. Qh7+ Ke6 53. Qxh5 Qxa4 54. Qg6 b5 55. Qxf6+ Kd5 56. Qe5+ Kc4 57. Qe2+ Kd5 58. Qd3+ Kc6 59. Qg6+ Kb7 60. Qf7+ Kb6 61. Qe6+ Ka7 62. Qd7+ Kb6 63. Qd6+ Kb7 64. Qxc5 Qc2+ 65. Kh3 b4 66. Qb5+ Kc7 1-0

[Event "VIE-ch"]
[Site "Ho Chi Minh City"]
[Date "2019.05.02"]
[Round "1"]
[White "Dao, Minh Nhat"]
[Black "Nguyen, Duc Hoa"]
[Result "0-1"]
[WhiteElo "2121"]
[BlackElo "2436"]
[PlyCount "68"]
[EventDate "2019.05.02"]
[EventType "swiss"]
[EventRounds "9"]
[EventCountry "VIE"]
[SourceTitle "CBM 190 Extra"]
[Source "ChessBase"]
[SourceDate "2019.07.15"]
[SourceVersion "1"]
[SourceVersionDate "2019.07.15"]
[SourceQuality "1"]

1. d4 Nf6 2. Nf3 g6 3. Bf4 Bg7 4. e3 0-0 5. h3 d6 6. Be2 b6 7. 0-0 Bb7 8. Bh2 c5 9. a4 a6 10. Nbd2 Nbd7 11. c3 Ra7 12. Bd3 Qa8 13. Qe2 e5 14. dxe5 Nxe5 15. Nxe5 dxe5 16. e4 Re8 17. f3 Bc6 18. Nc4 Qb8 19. Kh1 Nh5 20. Rfd1 b5 21. Ne3 Nf4 22. Qf1 bxa4 23. Bxf4 exf4 24. Nd5 Rb7 25. Qf2 Bxd5 26. exd5 Rxb2 27. Qxc5 Rc8 28. Qe7 Bf8 29. Qe4 a3 30. Bxa6 Rxc3 31. d6 Bxd6 32. Bc4 Qc7 33. Qe8+ Kg7 34. Qe1 Re3 0-1

[Event "Ho Chi Minh City HD Bank op 9th"]
[Site "Ho Chi Minh City"]
[Date "2019.03.13"]
[Round "9"]
[White "Dao, Minh Nhat"]
[Black "Hoang, Thi Bao Tram"]
[Result "0-1"]
[WhiteElo "2130"]
[BlackElo "2301"]
[PlyCount "54"]
[EventDate "2019.03.07"]
[EventType "swiss"]
[EventRounds "9"]
[EventCountry "VIE"]
[SourceTitle "CBM 189 Extra"]
[Source "ChessBase"]
[SourceDate "2019.06.03"]
[SourceVersion "1"]
[SourceVersionDate "2019.06.03"]
[SourceQuality "1"]

1. Nf3 Nf6 2. d4 d5 3. Bf4 c5 4. e3 Qb6 5. Nc3 cxd4 6. exd4 a6 7. Rb1 Nc6 8. Bd3 Bg4 9. Be3 e6 10. 0-0 Bd6 11. Be2 Qc7 12. h3 Bh5 13. Re1 0-0 14. Nd2 Bg6 15. Nf1 b5 16. Bd3 Rac8 17. Bxg6 hxg6 18. Bg5 b4 19. Ne2 Ne4 20. Bf4 Na5 21. f3 Nf6 22. Rc1 Nc4 23. b3 Na3 24. c3 Qa5 25. Qd3 bxc3 26. Nxc3 Bb4 27. Nb1 Bxe1 0-1

[Event "Ho Chi Minh City HD Bank op 9th"]
[Site "Ho Chi Minh City"]
[Date "2019.03.11"]
[Round "7"]
[White "Dao, Minh Nhat"]
[Black "Panopio, Rodolfo Jr"]
[Result "1-0"]
[WhiteElo "2130"]
[BlackElo "2207"]
[PlyCount "55"]
[EventDate "2019.03.07"]
[EventType "swiss"]
[EventRounds "9"]
[EventCountry "VIE"]
[SourceTitle "CBM 189 Extra"]
[Source "ChessBase"]
[SourceDate "2019.06.03"]
[SourceVersion "1"]
[SourceVersionDate "2019.06.03"]
[SourceQuality "1"]

1. Nf3 d5 2. d4 Bf5 3. c4 e6 4. Nc3 Nf6 5. Bf4 c6 6. Qb3 Qb6 7. c5 Qxb3 8. axb3 Na6 9. h3 Nb4 10. Ra4 a5 11. Bc7 Na6 12. Bxa5 Bc2 13. Ra3 Nd7 14. e3 Naxc5 15. dxc5 Bxc5 16. Bb4 Ba7 17. Bd6 f6 18. Kd2 Bg6 19. Be2 Nb6 20. Rha1 Nc8 21. Bc5 b6 22. Bxb6 Nxb6 23. Rxa7 Rb8 24. Nd4 Nd7 25. Nxc6 Rc8 26. Bb5 Nc5 27. Nd4+ Kf8 28. b4 1-0

[Event "Wch U14"]
[Site "Porto Carras"]
[Date "2018.10.30"]
[Round "11.4"]
[White "Tsoi, Dmitry"]
[Black "Dao, Minh Nhat"]
[Result "1-0"]
[WhiteElo "2429"]
[BlackElo "1956"]
[PlyCount "145"]
[EventDate "2018.10.20"]
[EventType "swiss"]
[EventRounds "11"]
[EventCountry "GRE"]
[SourceTitle "CBM 187 Extra"]
[Source "ChessBase"]
[SourceDate "2018.11.04"]
[SourceVersion "1"]
[SourceVersionDate "2018.11.04"]
[SourceQuality "1"]

1. Nf3 Nf6 2. g3 d5 3. Bg2 Bf5 4. 0-0 e6 5. d3 h6 6. Nbd2 c6 7. c4 Be7 8. cxd5 cxd5 9. Qb3 Qb6 10. Qxb6 axb6 11. Nd4 Bh7 12. N2f3 0-0 13. Bf4 Nbd7 14. Rfc1 Rfc8 15. a3 g5 16. Bd2 Bf8 17. Nb5 Rc5 18. Nc3 Rcc8 19. Nd4 Ne5 20. Ncb5 Nc6 21. Bc3 Nd7 22. b4 e5 23. Nb3 Nf6 24. Bb2 Be7 25. Nc3 Rd8 26. Nd1 e4 27. dxe4 Bxe4 28. Ne3 Rac8 29. Bh3 Ra8 30. Nf5 Bxf5 31. Bxf5 Ne4 32. Nd4 Nd6 33. Bd3 Bf6 34. Nxc6 Bxb2 35. Nxd8 Rxd8 36. Rab1 Bxc1 37. Rxc1 Nc4 38. a4 Ra8 39. Be4 dxe4 40. Rxc4 Rxa4 41. Rxe4 Kg7 42. Rd4 Ra2 43. e3 Rb2 44. Kg2 f6 45. g4 Kg6 46. Kg3 Rb3 47. h4 gxh4+ 48. Kxh4 Rb1 49. Kg3 Rb3 50. Kh4 Rb1 51. f4 Rh1+ 52. Kg3 Rg1+ 53. Kf3 Rf1+ 54. Kg2 Rb1 55. Kf2 h5 56. gxh5+ Kxh5 57. Rd6 Kg4 58. Rxf6 Rb2+ 59. Ke1 Rxb4 60. Ke2 b5 61. Rg6+ Kf5 62. Rd6 Ke4 63. Re6+ Kf5 64. Re5+ Kf6 65. Kd3 Rb3+ 66. Ke4 Rb4+ 67. Kf3 Rb1 68. Ke4 b4 69. Rb5 b3 70. Rb6+ Kf7 71. Kf5 Ke8 72. e4 b2 73. Rxb7 1-0